000 01115nam a22001937a 4500
003 JO-AjAnu
005 20240605112421.0
008 240406b jo ||||| |||| 00| 0 ara d
040 _aJO-AjAnu
_bara
_cJO-AjAnu
041 0 _aara
100 1 _aالخصاونة، احمد هشام محمد
_eمعد
_965321
245 1 0 _aدور التدقيق الشرعي الداخلي في الحد من مخاطر التشغيل في البنوك الاسلامية في الاردن = The Role of Internal Sharia Audit in Reducing Operational Risks in Islamic Banks in Jordan /
_cاعداد احمد هشام محمد الخصاونة ؛ اشراف محي الدين يعقوب ابو الهول
260 _c2023
300 _a102 ورقة
500 _aرسالة جامعية ( رسالة ماجستير في المصارف الاسلامية ) - جامعة عجلون الوطنية ( عجلون، الاردن)، كلية الاعمال، 2023
650 7 0 _aالمصارف الاسلامية - رقابة
_965322
700 1 _aابو الهول، محي الدين يعقوب
_964950
_eمشرف
942 _2lcc
_cTHS
_n0
999 _c33435
_d33435